Central Library OPAC University of Rajshahi

Fluid dynamics : (Record no. 67569)

MARC details
000 -LEADER
fixed length control field 00754nam a22002537a 4500
001 - CONTROL NUMBER
control field 67569
003 - CONTROL NUMBER IDENTIFIER
rucl marc code BD-RjUL
005 - DATE AND TIME OF LATEST TRANSACTION
control field 20211209081654.0
008 - FIXED-LENGTH DATA ELEMENTS--GENERAL INFORMATION
fixed length control field 170327s1982 ii ||||| |||| 001 0 eng d
020 ## - INTERNATIONAL STANDARD BOOK NUMBER
International Standard Book Number 8121908698
035 ## - SYSTEM CONTROL NUMBER
System control number (BD-RjUL)67700
040 ## - CATALOGING SOURCE
Original cataloging agency BD-RjUL
Language of cataloging eng
Transcribing agency BD-RjUL
041 ## - LANGUAGE CODE
Language code of text/sound track or separate title eng
082 ## - DEWEY DECIMAL CLASSIFICATION NUMBER
Edition number 23
Classification number 532
Author mark and year RAF 1982
100 1# - MAIN ENTRY--PERSONAL NAME
Personal name Raisinghania, M. D.
9 (RLIN) 200210
245 10 - TITLE STATEMENT
Title Fluid dynamics :
Remainder of title with complete hydrodynamics and boundary layer theory /
Statement of responsibility, etc. M. D. Raisinghania
260 ## - PUBLICATION, DISTRIBUTION, ETC. (IMPRINT)
Place of publication, distribution, etc. New Delhi :
Name of publisher, distributor, etc. S. Chand & Company,
Date of publication, distribution, etc. c1982.
300 ## - PHYSICAL DESCRIPTION
Pagination xvi, 1127 p. ;
Size 21 cm.
500 ## - GENERAL NOTE
General note Includes index.
650 ## - SUBJECT ADDED ENTRY--TOPICAL TERM
Topical term or geographic name as entry element Fluid mechanics.
9 (RLIN) 200211
Topical term or geographic name as entry element Hydrodynamics.
9 (RLIN) 200212
Topical term or geographic name as entry element Boundary layer.
9 (RLIN) 200213
942 ## - ADDED ENTRY ELEMENTS (KOHA)
Source of classification or shelving scheme Dewey Decimal Classification
Koha item type Books
Holdings
Lost status Source of classification or shelving scheme Damaged status Not for loan Collection code Permanent Location Current Location Shelving location Date acquired Source of acquisition Cost, normal purchase price Total Checkouts Full call number Date last seen Copy number Koha item type
  Dewey Decimal Classification   Not For Loan Non-fiction Central Library, University of Rajshahi Central Library, University of Rajshahi Reading Room 15/11/2007 Dhaka, Mullick and Brothers 1200.00   532 RAF 1982 27/03/2017 C-1 Books